TH-SOF-0944-DETECTION OF MOVEMENT INTENTION FROM SINGLE-TRIAL MOVEMENT-RELATED CORTICAL POTENTIALS (Record no. 578608)
[ view plain ]
| 000 -LEADER | |
|---|---|
| fixed length control field | 00392nam a22001217a 4500 |
| 082 ## - DEWEY DECIMAL CLASSIFICATION NUMBER | |
| Classification number | 200 THE |
| 100 ## - MAIN ENTRY--PERSONAL NAME | |
| Personal name | MUHAMMAD AKMAL |
| 9 (RLIN) | 29745 |
| 245 ## - TITLE STATEMENT | |
| Title | TH-SOF-0944-DETECTION OF MOVEMENT INTENTION FROM SINGLE-TRIAL MOVEMENT-RELATED CORTICAL POTENTIALS |
| 260 ## - PUBLICATION, DISTRIBUTION, ETC. | |
| Place of publication, distribution, etc. | NUST COLLEGE OF EME |
| Name of publisher, distributor, etc. | ISLAMABAD |
| Date of publication, distribution, etc. | 2001 |
| 650 ## - SUBJECT ADDED ENTRY--TOPICAL TERM | |
| Topical term or geographic name entry element | MS-ELECT-71 MSTHESIS |
| 700 ## - ADDED ENTRY--PERSONAL NAME | |
| Personal name | DR. SYED M. TAHIR ZAIDI |
| 9 (RLIN) | 29746 |
| 942 ## - ADDED ENTRY ELEMENTS (KOHA) | |
| Koha item type | Computer Files |
| Withdrawn status | Lost status | Damaged status | Not for loan | Permanent Location | Current Location | Shelving location | Date acquired | Total Checkouts | Full call number | Barcode | Date last seen | Price effective from | Koha item type |
|---|---|---|---|---|---|---|---|---|---|---|---|---|---|
| College of Electrical & Mechanical Engineering (CEME) | College of Electrical & Mechanical Engineering (CEME) | Reference | 02/28/2020 | 200 THE | TH-SOF-0944 | 06/28/2021 | 06/28/2021 | Computer Files |
